[Event "Krefeld op"]
[Site "Krefeld"]
[Date "2023.08.06"]
[Round "9"]
[White "Liesendahl, Felix"]
[Black "Vasylieva, Kira"]
[Result "1/2-1/2"]
[WhiteElo "1802"]
[BlackElo "1421"]
[PlyCount "57"]
[EventDate "2023.08.02"]
[EventType "swiss"]
[EventRounds "9"]
[EventCountry "GER"]
[SourceTitle "CBM 215 Extra"]
[Source "ChessBase"]
[SourceDate "2023.09.30"]
[SourceVersion "1"]
[SourceVersionDate "2023.09.30"]
[SourceQuality "1"]

1. e4 e5 2. Nf3 Nc6 3. Bb5 Bc5 4. 0-0 Nf6 5. c3 0-0 6. d4 exd4 7. cxd4 Bb6 8. e5 Nd5 9. Bc4 Nde7 10. Bg5 Qe8 11. Nc3 h6 12. Bf4 Na5 13. Bd3 f6 14. exf6 Rxf6 15. Be5 Rf8 16. h3 d6 17. Bh2 Bf5 18. Bb5 Bd7 19. Be2 Nac6 20. d5 Nd8 21. b4 a6 22. Nh4 Nf7 23. Bh5 Qd8 24. Ng6 Nxg6 25. Bxg6 Qg5 26. Qh5 Qxh5 27. Bxh5 Bd4 28. Rac1 Ne5 29. Be2 1/2-1/2

[Event "Krefeld op"]
[Site "Krefeld"]
[Date "2023.08.03"]
[Round "3"]
[White "Gierhardt, Vito"]
[Black "Liesendahl, Felix"]
[Result "1-0"]
[WhiteElo "1664"]
[BlackElo "1802"]
[PlyCount "133"]
[EventDate "2023.08.02"]
[EventType "swiss"]
[EventRounds "9"]
[EventCountry "GER"]
[SourceTitle "CBM 215 Extra"]
[Source "ChessBase"]
[SourceDate "2023.09.30"]
[SourceVersion "1"]
[SourceVersionDate "2023.09.30"]
[SourceQuality "1"]

1. e4 c5 2. d4 cxd4 3. c3 dxc3 4. Nxc3 Nc6 5. Nf3 d6 6. Bc4 a6 7. 0-0 Nf6 8. e5 dxe5 9. Qxd8+ Nxd8 10. Nxe5 e6 11. Rd1 Be7 12. Be3 b5 13. Be2 Bb7 14. Rac1 0-0 15. g4 h6 16. g5 hxg5 17. Bxg5 Nd5 18. Bxe7 Nxe7 19. Rd7 Nec6 20. Nd3 Bc8 21. Rc7 Nd4 22. Bf1 Bb7 23. Bg2 Rb8 24. Rd1 Bxg2 25. Kxg2 b4 26. Ne4 Nb5 27. Rc4 a5 28. Ne5 Nb7 29. Nc6 Ra8 30. Rd7 Nd8 31. Ne7+ Kh7 32. Nd6 Kh6 33. Nxb5 g5 34. Nd6 f5 35. Rcc7 g4 36. Kg3 Kg5 37. Nc4 f4+ 38. Kg2 f3+ 39. Kg1 b3 40. a3 e5 41. Nxe5 Ne6 42. Rc4 Nf4 43. Nd5 Rac8 44. Nxf4 Rxc4 45. Nxc4 Re8 46. Nd3 Rc8 47. Rd4 a4 48. Nb4 Re8 49. Rd1 Re2 50. Kf1 Re8 51. Nd5 Rh8 52. Kg1 Rc8 53. Nde3 Kf4 54. Rd4+ Kg5 55. Rxg4+ Kh5 56. Rf4 Rg8+ 57. Kf1 Rc8 58. Rxf3 Kh4 59. Rf7 Rh8 60. Ra7 Kg5 61. Kg1 Kf4 62. Rxa4 Kf3 63. Rb4 Ke2 64. Rxb3 Rg8+ 65. Ng2 Rd8 66. Nf4+ Kd1 67. Rd3+ 1-0

[Event "Krefeld op"]
[Site "Krefeld"]
[Date "2023.08.03"]
[Round "2"]
[White "Liesendahl, Felix"]
[Black "Korchynskyi, Mykola"]
[Result "0-1"]
[WhiteElo "1802"]
[BlackElo "2016"]
[PlyCount "140"]
[EventDate "2023.08.02"]
[EventType "swiss"]
[EventRounds "9"]
[EventCountry "GER"]
[SourceTitle "CBM 215 Extra"]
[Source "ChessBase"]
[SourceDate "2023.09.30"]
[SourceVersion "1"]
[SourceVersionDate "2023.09.30"]
[SourceQuality "1"]

1. e4 e6 2. d4 d5 3. Nc3 Bb4 4. e5 c5 5. a3 Bxc3+ 6. bxc3 Ne7 7. Qg4 Qc7 8. Bd3 cxd4 9. Ne2 dxc3 10. Qxg7 Rg8 11. Qxh7 Qxe5 12. h4 Nd7 13. Bf4 Qh8 14. Qxh8 Rxh8 15. Nxc3 e5 16. Bg3 a6 17. 0-0-0 b5 18. Nxd5 Nxd5 19. Be4 N5b6 20. Bxa8 Nxa8 21. h5 Bb7 22. Rh2 Nab6 23. f4 e4 24. f5 Nc4 25. Bc7 Rh7 26. g4 f6 27. Bf4 e3 28. Re1 Bf3 29. Bxe3 Bxg4 30. h6 Kf7 31. Bf4 Nde5 32. Rf2 a5 33. a4 b4 34. Kb1 b3 35. Bxe5 Nxe5 36. Rh1 bxc2+ 37. Kxc2 Nc4 38. Rf4 Bxf5+ 39. Kc3 Nd6 40. Rd1 Ne4+ 41. Kd4 Kg6 42. Rxe4 Rd7+ 43. Ke3 Rxd1 44. Rh4 Rd3+ 45. Kf2 Rd7 46. Ke3 Rh7 47. Rc4 Rxh6 48. Rc5 Rh3+ 49. Kf2 Ra3 50. Rxa5 Bc2 51. Rc5 Bxa4 52. Ra5 Ra2+ 53. Kg3 Bb3 54. Rc5 Be6 55. Rc6 Bf5 56. Rb6 Kg5 57. Rb3 Rd2 58. Rb4 Rd3+ 59. Kf2 Rc3 60. Rd4 Bc8 61. Rd5+ f5 62. Rd4 Bb7 63. Rb4 Be4 64. Rb8 Kf4 65. Rf8 Rc2+ 66. Kg1 Ke3 67. Rb8 f4 68. Rb3+ Bd3 69. Rb8 f3 70. Re8+ Be4 0-1

[Event "Serpiano op"]
[Site "Serpiano"]
[Date "2022.04.02"]
[Round "3"]
[White "Liesendahl, Felix"]
[Black "Mastroddi, Emiliano"]
[Result "0-1"]
[WhiteElo "1766"]
[BlackElo "2013"]
[PlyCount "130"]
[EventDate "2022.04.01"]
[EventType "swiss"]
[EventRounds "5"]
[EventCountry "SUI"]
[SourceTitle "CBM 207 Extra"]
[Source "ChessBase"]
[SourceDate "2022.05.31"]
[SourceVersion "1"]
[SourceVersionDate "2022.05.31"]
[SourceQuality "1"]

1. e4 c5 2. Nf3 d6 3. d4 cxd4 4. Nxd4 Nf6 5. Nc3 g6 6. Be3 Bg7 7. f3 Nc6 8. Qd2 0-0 9. 0-0-0 d5 10. exd5 Nxd5 11. Nxc6 bxc6 12. Bd4 e5 13. Bc5 Be6 14. Ne4 Re8 15. g4 h6 16. h4 Qc7 17. h5 g5 18. Bc4 Nf4 19. Bxe6 Nxe6 20. Bd6 Qb6 21. Qc3 Nd4 22. Qe3 Rad8 23. Bc5 Qa6 24. Kb1 Rb8 25. Rd3 Qb5 26. Ba3 Qa4 27. Rh2 Qa5 28. Nc5 Red8 29. Nb3 Nxb3 30. cxb3 Rxd3 31. Qxd3 Rd8 32. Qe2 Qd5 33. Kc2 e4 34. fxe4 Qe5 35. Rf2 Rd4 36. Qf3 Qxe4+ 37. Qxe4 Rxe4 38. Rg2 Bf8 39. Kd3 Rf4 40. Ke3 Bxa3 41. bxa3 Kf8 42. Rc2 Rf6 43. Rf2 Rxf2 44. Kxf2 f5 45. gxf5 Kf7 46. Kf3 Kf6 47. Kg4 a5 48. b4 a4 49. Kg3 Kxf5 50. Kf3 g4+ 51. Ke3 Kg5 52. Kd4 g3 53. Kc5 g2 54. Kxc6 g1Q 55. b5 Qa7 56. b6 Qb8 57. Kb5 Kxh5 58. Kxa4 Kg6 59. Kb5 h5 60. a4 h4 61. a5 h3 62. a6 h2 63. a4 h1Q 64. a5 Qe5+ 65. Kb4 Qh4+ 0-1